000 00525 a2200157 4500
020 _aN/S
040 _aISPLB
082 _a658
100 _91036
_aCarochinho, Jos Ǎntn̤io Baiô
245 _aTecnicas de Atraȧo e Acolhimento em Recursos Humanos (o acolhimento e Integraȧo dos novos regrutados )
260 _aLuanda,
_bUniversidade Lusiada
_c2020.
300 _a16p
650 _aRecursos Humanos
670 _uhttps://drive.google.com/file/d/1jgfurWYG9ILK91yGZ8PS3jlG7ACJ8Z6e/view?usp=sharing
942 _cLIV-ELE
999 _c2208
_d2208